Language planning and policy in Africa (Record no. 98089)
[ view plain ]
| 000 -LEADER | |
|---|---|
| fixed length control field | 01392nam a2200349 a 4500 |
| 082 04 - DEWEY DECIMAL CLASSIFICATION NUMBER | |
| Classification number | 306.44/968 |
| 245 00 - TITLE STATEMENT | |
| Title | Language planning and policy in Africa |
| 260 ## - PUBLICATION, DISTRIBUTION, ETC. (IMPRINT) | |
| Place of publication | Clevedon ; |
| -- | Buffalo : |
| Name of publisher | MultilinguaL Matters Ltd., |
| Year of publication | c2004- |
| 300 ## - PHYSICAL DESCRIPTION | |
| Number of Pages | v. <1 > : |
| Other physical details | maps. |
| 490 1# - SERIES STATEMENT | |
| Series statement | Language planning and policy |
| 505 1# - FORMATTED CONTENTS NOTE | |
| Formatted contents note | Vol. 1. Botswana, Malawi, Mozambique and South Africa -- |
| 650 #0 - SUBJECT ADDED ENTRY--TOPICAL TERM | |
| Topical Term | Language planning |
| 700 1# - ADDED ENTRY--PERSONAL NAME | |
| Personal name | Baldauf, Richard B., |
| Personal name | Kaplan, Robert B. |
| 856 40 - ELECTRONIC LOCATION AND ACCESS | |
| Uniform Resource Identifier | http://site.ebrary.com/lib/rucke/Doc?id=10096117 |
No items available.
